000 01148nam a2200277 a 4500
001 000043750
003 DO-SdBNP
005 20221010101826.0
008 140422s2014 dr a 000 0 spa d
020 _a9789993450153
040 _aDO-SdBNP
_bspa
_cBPMSU
082 _a370.7293
_bB171p 2014
_222
245 1 0 _aBalance del Plan Decenal de Educación 2008-2018 :
_bavances, desafíos y perspectivas /
_ccompiladora ; Magda Pepén Peguero ; edición Dario Tejeda ; presentación Manuel Z. Mejía Gómez.
260 _aSanto Domingo :
_bFLACSO,
_c2014.
300 _a95 p. :
_bil. ;
_c25 cm.
500 _aIncluye referencias bibliográficas y notas al pie de las páginas
504 _aBibliografía : p. 93-95
590 _aInventariado, 2022/VM
650 4 _aPlan Decenal de Educación
_zRepública Dominicana
_y2008-2018 .
650 4 _aPlanificación educativa
_zRepública Dominicana
_y2008-2018
650 4 _aEducación
_zRepública Dominicana
_y2008-2018
700 1 _aTejeda, Darío
_eed.
700 1 _aPepén Peguero, Magda
_ecomp.
710 2 _aFacultad Latinoamericana de Ciencias Sociales (República Dominicana)
942 _2ddc
_cBK
999 _c14304
_d14304